[Event "Korolev-ch"]
[Site "Korolev"]
[Date "2000.??.??"]
[Round "2"]
[White "Zolotarski, Vladimir T"]
[Black "Kemenov, Valery"]
[Result "1-0"]
[WhiteElo "2103"]
[BlackElo "2122"]
[PlyCount "117"]
[EventDate "2000.??.??"]
[EventType "swiss"]
[EventRounds "9"]
[EventCountry "RUS"]
[SourceTitle "EXT 2006"]
[Source "ChessBase"]
[SourceDate "2005.11.24"]
[SourceVersion "1"]
[SourceVersionDate "2005.11.24"]
[SourceQuality "1"]

1. Nf3 d5 2. d4 e6 3. c4 Nf6 4. Nc3 Be7 5. cxd5 exd5 6. Bf4 c6 7. h3 0-0 8. e3 Nbd7 9. Bd3 Re8 10. 0-0 Bb4 11. a3 Bxc3 12. bxc3 Ne4 13. Qc2 Ndf6 14. a4 Bf5 15. a5 Qc8 16. Nh2 Qd7 17. Be5 Qe6 18. Rae1 Nd6 19. f3 Bxd3 20. Qxd3 Nc4 21. Bxf6 Qxf6 22. e4 Qg6 23. Ng4 f6 24. Nf2 Nxa5 25. exd5 Qxd3 26. Nxd3 cxd5 27. Nf4 Rxe1 28. Rxe1 Rd8 29. Re7 Kf8 30. Rc7 Rd6 31. Rc5 b6 32. Rxd5 Rxd5 33. Nxd5 Nc4 34. Kf2 a5 35. Ke2 a4 36. Kd3 a3 37. Nb4 b5 38. g3 Ke7 39. Kc2 Kd6 40. f4 h5 41. Kb3 Nd2+ 42. Kxa3 Ne4 43. Kb3 Nxg3 44. Nd3 Kd5 45. Kb4 Ne2 46. h4 Ke4 47. Nc5+ Kxf4 48. Ne6+ Kg4 49. Nxg7 f5 50. d5 Nf4 51. d6 Nd5+ 52. Kxb5 Nxc3+ 53. Kc6 f4 54. d7 Kxh4 55. d8Q+ Kg4 56. Nxh5 Kxh5 57. Qh8+ Kg4 58. Qxc3 f3 59. Qe1 1-0

[Event "Korolev-ch"]
[Site "Korolev"]
[Date "1999.??.??"]
[Round "8"]
[White "Samarin, Vitaly"]
[Black "Zolotarski, Vladimir T"]
[Result "1-0"]
[WhiteElo "2182"]
[BlackElo "2073"]
[PlyCount "93"]
[EventDate "1999.??.??"]
[EventType "swiss"]
[EventRounds "9"]
[EventCountry "RUS"]
[SourceTitle "EXT 2006"]
[Source "ChessBase"]
[SourceDate "2005.11.24"]
[SourceVersion "1"]
[SourceVersionDate "2005.11.24"]
[SourceQuality "1"]

1. e4 c5 2. Nf3 d6 3. d4 cxd4 4. Nxd4 Nf6 5. Nc3 a6 6. Be2 e6 7. 0-0 Qc7 8. Be3 Be7 9. f4 Nc6 10. Qe1 0-0 11. Qg3 b5 12. a3 Bb7 13. Rad1 Rab8 14. Bf3 Na5 15. f5 Nc4 16. Bh6 Ne8 17. Bc1 e5 18. Nde2 Nf6 19. Rd3 Kh8 20. Rfd1 Ba8 21. b3 Qc5+ 22. Kh1 Nb6 23. Be3 Qc7 24. Qf2 Nbd7 25. g4 Nc5 26. Bxc5 Qxc5 27. Qxc5 dxc5 28. Kg2 h6 29. h4 Rfd8 30. Kg3 b4 31. g5 Ng8 32. Nd5 Bxd5 33. exd5 Bd6 34. Kg4 bxa3 35. c4 a5 36. Ra1 Rb4 37. Rxa3 Ra8 38. Nc3 Ne7 39. Nb5 Rxb5 40. cxb5 c4 41. bxc4 Bxa3 42. Rxa3 h5+ 43. Kxh5 Nxf5 44. b6 Nd6 45. c5 Nb5 46. Ra1 Nd4 47. b7 1-0

[Event "Korolev-ch"]
[Site "Korolev"]
[Date "1999.??.??"]
[Round "9"]
[White "Zolotarski, Vladimir T"]
[Black "Salishchev, Yury Kirillovich"]
[Result "1/2-1/2"]
[WhiteElo "2073"]
[BlackElo "2254"]
[PlyCount "124"]
[EventDate "1999.??.??"]
[EventType "swiss"]
[EventRounds "9"]
[EventCountry "RUS"]
[SourceTitle "EXT 2006"]
[Source "ChessBase"]
[SourceDate "2005.11.24"]
[SourceVersion "1"]
[SourceVersionDate "2005.11.24"]
[SourceQuality "1"]

1. d4 e6 2. c4 f5 3. g3 Nf6 4. Nc3 Bb4 5. Qb3 Nc6 6. e3 Ne4 7. Nge2 a5 8. a3 Bxc3+ 9. Nxc3 Nxc3 10. Qxc3 0-0 11. Bg2 d6 12. 0-0 e5 13. Bd2 Qf6 14. d5 Ne7 15. b4 b6 16. bxa5 Rxa5 17. Qb3 Ra7 18. a4 Ng6 19. f4 Bd7 20. Ra3 Rfa8 21. Rfa1 Qe7 22. a5 bxa5 23. Rxa5 Rxa5 24. Rxa5 Rxa5 25. Bxa5 exf4 26. gxf4 Be8 27. Qd3 Nh4 28. Bh1 Bh5 29. Bd2 Qf6 30. Qb1 h6 31. Be1 Qg6+ 32. Bg3 Qg4 33. Qc2 g5 34. Kf2 Ng6 35. Qd2 Kf7 36. Bg2 Qd1 37. Qb2 Qd3 38. c5 gxf4 39. exf4 dxc5 40. Kg1 Qd4+ 41. Qxd4 cxd4 42. Bf1 Bf3 43. Bc4 Ke7 44. Be1 Nxf4 45. Bb4+ Kf6 46. d6 cxd6 47. Bxd6 Nh3+ 48. Kf1 Be4 49. Bb4 Ke5 50. Ba5 d3 51. Bc3+ Kd6 52. Bb4+ Kc6 53. Bf7 Ng5 54. Be8+ Kd5 55. Bh5 Kc4 56. Bd2 Kb3 57. h4 Kc2 58. Ke1 Ne6 59. Bd1+ Kb2 60. Bxh6 f4 61. Kd2 Bf5 62. Bf3 Ka3 1/2-1/2

[Event "Korolev-ch"]
[Site "Korolev"]
[Date "1999.??.??"]
[Round "2"]
[White "Zolotarski, Vladimir T"]
[Black "Zamanov, Ansar M"]
[Result "0-1"]
[WhiteElo "2073"]
[BlackElo "2436"]
[PlyCount "112"]
[EventDate "1999.??.??"]
[EventType "swiss"]
[EventRounds "9"]
[EventCountry "RUS"]
[SourceTitle "EXT 2006"]
[Source "ChessBase"]
[SourceDate "2005.11.24"]
[SourceVersion "1"]
[SourceVersionDate "2005.11.24"]
[SourceQuality "1"]

1. Nf3 d5 2. d4 Nf6 3. c4 dxc4 4. e3 Bg4 5. Bxc4 e6 6. Qa4+ c6 7. Be2 Nbd7 8. 0-0 Nb6 9. Qd1 Be7 10. Nc3 0-0 11. a3 Nbd5 12. Qb3 Qb6 13. Qxb6 axb6 14. Bd2 b5 15. Rfe1 Nxc3 16. Bxc3 Ne4 17. Rac1 Nxc3 18. Rxc3 b4 19. Rb3 bxa3 20. bxa3 Rfb8 21. Ra1 b5 22. h3 Bh5 23. g4 Bg6 24. Ne5 Be4 25. Nd7 Rd8 26. Nc5 Bxc5 27. dxc5 Rd2 28. Kf1 Rc2 29. a4 Rxc5 30. Rb4 Bc2 31. a5 Ba4 32. Bd1 g5 33. Bxa4 Rxa5 34. Ra2 bxa4 35. Rbxa4 Rxa4 36. Rxa4 Kg7 37. Ra6 Rc2 38. Kg2 c5 39. Rc6 c4 40. Kg3 Rc1 41. Kf3 Kf6 42. Rc5 h6 43. Kg2 c3 44. Kf3 Ke7 45. Kg2 Kd6 46. Rc4 Kd5 47. Rc7 Ke4 48. Rxf7 Ra1 49. Rc7 Kd3 50. Rd7+ Ke2 51. Rc7 Kd2 52. Rd7+ Kc1 53. Rd6 c2 54. Rxe6 Kd2 55. Rc6 c1Q 56. Rxc1 Rxc1 0-1